Sardar Patel: (Record no. 160314)

MARC details
000 -LEADER
fixed length control field 00586nam a22001817a 4500
005 - DATE AND TIME OF LATEST TRANSACTION
control field 20190124164236.0
010 ## - LCCN (DPL NO)
LC control number B-713089
020 ## - INTERNATIONAL STANDARD BOOK NUMBER
International Standard Book Number 9788192757001
Terms of availability 650.00
035 ## - SYSTEM CONTROL NUMBER
System control number B-713089
037 ## - SOURCE OF ACQUISITION
Source of stock number/acquisition Trans-India Book Distributors
082 ## - DEWEY DECIMAL CLASSIFICATION NUMBER
Classification number 920
100 ## - MAIN ENTRY--PERSONAL NAME
Personal name Tripathi, Satya Prakash Mani
245 ## - TITLE STATEMENT
Title Sardar Patel:
Remainder of title the iron man of India
Statement of responsibility, etc by Satya Prakash Mani Tripathi
260 ## - PUBLICATION, DISTRIBUTION, ETC. (IMPRINT)
Place of publication, distribution, etc New Delhi
Name of publisher, distributor, etc Trans-India Book Distributors
Date of publication, distribution, etc 2015
300 ## - PHYSICAL DESCRIPTION
Extent 206p.
Dimensions 22cm
942 ## - ADDED ENTRY ELEMENTS (KOHA)
Source of classification or shelving scheme Dewey Decimal Classification
Item type English Books
Classification part 920
Call number suffix TRI
Holdings
Withdrawn status Lost status Not for loan Collection code Home library Current library Date acquired Full call number Barcode Koha item type
      Non-fiction Sarojini Nagar Sarojini Nagar 24/01/2019 920 TRI B-713089 English Books

© Delhi Public Library
Hit Counter
free hit counter